| 000 | 00000nam 2200000za 4500 |
| 001 | 9.802151 |
| 003 | CaOODSP |
| 005 | 20221107134931 |
| 007 | cr ||||||||||| |
| 008 | 150717s2015 oncdb #o f000 0 eng d |
| 020 | |a9780660030180 |
| 040 | |aCaOODSP|beng |
| 043 | |an-cn--- |
| 086 | 1 |aA118-10/6-2013E-PDF |
| 245 | 00|aCrop profile for cranberry in Canada, 2013 |h[electronic resource] / |cprepared by Pesticide Risk Reduction Program, Pest Management Center, Agriculture and Agri-Food Canada. |
| 260 | |aOttawa : |bAgriculture and Agri-Food Canada, |cc2015. |
| 300 | |a53 p. : |bill. (some col.). |
| 500 | |aIssued also in French under title: Profil de la culture de la canneberge au Canada, 2013. |
| 692 | 07|2gccst|aFruit crops |
| 710 | 1 |aCanada.|bAgriculture and Agri-Food Canada. |bPest Management Centre. |
| 775 | 08|tProfil de la culture de la canneberge au Canada, 2013 |w(CaOODSP)9.802152 |
| 794 | |tCrop profile for cranberry in Canada, 2016 / |w(CaOODSP)9.869747 |
| 856 | 40|qPDF|s1.11 MB|uhttps://publications.gc.ca/collections/collection_2015/aac-aafc/A118-10-6-2013-eng.pdf |